| 000 | 00416nam a22001697a 4500 | ||
|---|---|---|---|
| 999 |
_c7475 _d7473 |
||
| 005 | 20210225111910.0 | ||
| 008 | 210225b ||||| |||| 00| 0 eng d | ||
| 020 | _a978-011-3230-839 | ||
| 041 | _aeng | ||
| 082 | _a615.11 | ||
| 100 |
_aMHRA _96389 |
||
| 245 | _aBRITISH PHARMACOPOEIA [VOL-V] 2021 | ||
| 260 |
_aLONDON _bTHE STATIONARY OFFICE _c2020 |
||
| 300 | _aV-A978,p | ||
| 650 |
_aPHARMACY _96395 |
||
| 942 | _cBK | ||